McFlurry Flavors Around The World - Statistics

General Stats
  • This quiz has been taken 17 times
  • The average score is 6 of 20
Answer Stats
Picture Answer % Correct
M&M's
92%
Oreo
77%
Pistachio
54%
Snickers
54%
Reese’s
46%
Smarties
46%
Butterfinger
38%
Lotus Biscoff
38%
S’mores
38%
Twix
38%
Cadbury Creme Egg
31%
Caramel Popcorn
23%
Maltesers
15%
Matcha
15%
Rolo
15%
Banana Caramel Pie
8%
Strawberry Oreo
8%
Stroopwafel
8%
Pinguinos
0%
Torino
0%
No matching quizzes found
Score Distribution
Percent of People with Each Score
Percentile by Number Answered
Your Score History
You have not taken this quiz